| 000 | 00855nam a2200193Ia 4500 | ||
|---|---|---|---|
| 003 | IN-BaIIA | ||
| 008 | 211028s9999 xx 000 0 eng d | ||
| 020 | _a978-1-921916-04-5 | ||
| 040 | _cIIA Library | ||
| 080 |
_a520.1(082.2) _bCEL |
||
| 111 |
_aSymposium to Commemorate 35 Years of the AAO _cCoonabarabran _d2010 June 21-15 _934958 |
||
| 245 | 0 |
_aCelebrating the AAO _bpast, present and future; proceedings of a symposium to commemorate 35 years of the AAO and its transition to the Australian Astronomical Observatory held in Coonabarabran, June 21-25, 2010 _cedited by Russell Cannon and David Malin |
|
| 260 |
_aAustralia _bCommonwealth of Australia _c2011 |
||
| 300 | _axii, 353p. | ||
| 650 |
_aAustralian Astronomical Observatory-Congresses _934959 |
||
| 700 |
_aCannon, Russell, ed. _934960 |
||
| 700 |
_aMalin, David, eds. _934961 |
||
| 942 | _cBK | ||
| 999 |
_c18264 _d18264 |
||